000 00619nam a2200205Ii 4500
003 JO-AjNU
008 230606s9999||||xx |||||||||||||| ||und||
020 _a978-84265-913-7
040 _aJO-AjNU
_beng
_erda
_cJO-AjNU
041 _aeng
050 1 4 _aQA329.2014
100 3 _aHuang,Tsaiواخرون,
_eauthor
_94739
245 0 0 _aEffective Condition Number for Numerical Partial Differential Equations
264 3 1 _aOXFORD:Aloha science
300 _a266p
336 _atext
_btxt
_2rdacontent
337 _aunmediated
_bn
_2rdamedia
338 _avolume
_bnc
_2rdacarrier
650 4 _aDifferential Equations
_94740
999 _aE2455
_c2453
_d2453